[Event "Chigorin Memorial 30th"]
[Site "St Petersburg"]
[Date "2023.10.29"]
[Round "9"]
[White "Borsch, Alexander"]
[Black "Grekhov, Roman"]
[Result "0-1"]
[WhiteElo "1501"]
[BlackElo "1758"]
[PlyCount "120"]
[EventDate "2023.10.21"]
[EventType "swiss"]
[EventRounds "9"]
[EventCountry "RUS"]
[SourceTitle "CBM 216 Extra"]
[Source "ChessBase"]
[SourceDate "2023.11.30"]
[SourceVersion "1"]
[SourceVersionDate "2023.11.30"]
[SourceQuality "1"]

1. e4 c5 2. Nf3 Nc6 3. d4 cxd4 4. Nxd4 e5 5. Nb5 d6 6. N1c3 a6 7. Na3 Be6 8. Nc4 Rb8 9. Nd5 b5 10. Nce3 Nf6 11. Bd3 Be7 12. 0-0 0-0 13. c3 Re8 14. Qe2 Bf8 15. a4 Bxd5 16. Nxd5 Nxd5 17. exd5 Na5 18. axb5 e4 19. Bc2 axb5 20. f3 e3 21. Qd3 g6 22. Bxe3 Nc4 23. Bd4 Bh6 24. f4 Nxb2 25. Qh3 Bg7 26. Bxg7 Kxg7 27. f5 Re5 28. Qf3 Qb6+ 29. Kh1 Qe3 30. Qg4 Nd3 31. Qh4 Rbe8 32. fxg6 hxg6 33. Qf6+ Kh6 34. Bxd3 Qxd3 35. Qf4+ Kh7 36. Qxf7+ Kh8 37. Qf6+ Kg8 38. Rad1 Qe2 39. Qxg6+ Kh8 40. Qf6+ Kh7 41. Qf7+ Kh8 42. Qf6+ Kh7 43. Ra1 R8e7 44. Rf4 Rh5 45. Ra8 Rg7 46. Rf2 Qe1+ 47. Rf1 Qg3 48. Qxg7+ Qxg7 49. Rfa1 Qxc3 50. R1a7+ Kg6 51. Rg8+ Kf6 52. Rf8+ Ke5 53. Re7+ Kxd5 54. h3 Re5 55. Ref7 Qg3 56. Rf1 Re1 57. R8f5+ Ke4 58. R5f4+ Qxf4 59. Rxe1+ Kf5 60. Rb1 b4 0-1

[Event "Chigorin Memorial 29th"]
[Site "St Petersburg"]
[Date "2022.10.29"]
[Round "8"]
[White "Borsch, Alexander"]
[Black "Sokolova, Ekaterina"]
[Result "1-0"]
[WhiteElo "1528"]
[BlackElo "1730"]
[PlyCount "43"]
[EventDate "2022.10.22"]
[EventType "swiss"]
[EventRounds "9"]
[EventCountry "RUS"]
[SourceTitle "EXT 2024"]
[Source "ChessBase"]
[SourceDate "2023.10.10"]
[SourceVersion "1"]
[SourceVersionDate "2023.10.10"]
[SourceQuality "1"]

1. e4 e6 2. d4 d5 3. Nd2 c5 4. exd5 Qxd5 5. Ngf3 cxd4 6. Bc4 Qd8 7. Nb3 Qc7 8. Qe2 Bb4+ 9. Kf1 Nf6 10. Nbxd4 0-0 11. c3 Bc5 12. g3 a6 13. Bf4 Qe7 14. a4 Bd6 15. Bxd6 Qxd6 16. Rd1 Qc7 17. h4 Nc6 18. h5 h6 19. Rh4 Nxd4 20. Rdxd4 Rd8 21. Qe5 Qxe5 22. Rxd8+ 1-0